000 00309nam a22001217a 4500
001 157686
005 20240502200119.0
008 240502b |||||||| |||| 00| 0 POR d
040 _cO mundo é assim, Taubaté
100 _aOrígenes Lessa
_91356
245 _aO mundo é assim, Taubaté
942 _2udc
_cBK
_n0
999 _c157686
_d157686